000
00288nam a22001337a 4500
008
170525b xxu||||| |||| 00| 0 eng d
020
_a
9780385199735
041
_a
eng
080
_a
52
100
_a
26
101
_a
IM
245
_a
ENGINES OF CREATION
_c
DREXLER,K.E
942
_2
udc
_c
BK
999
_c
14261
_d
14261